| 000 | 01353pam a2200337 a 4500 | ||
|---|---|---|---|
| 001 | 4432131 | ||
| 003 | OSt | ||
| 005 | 20140310181635.0 | ||
| 008 | 940317s1995 maua b 000 0 eng | ||
| 010 | _a 94011003 | ||
| 020 | _a0205165087 (acidfree paper) | ||
| 040 |
_aDLC _cDLC _dDLC |
||
| 050 | 0 | 0 |
_aLB 1590.3 _b.T613 1995 |
| 082 | 0 | 0 |
_aTR 370.15 _bT52 1995 |
| 100 | 1 | _aTishman, Shari. | |
| 245 | 1 | 4 |
_aThe thinking classroom : _blearning and teaching in a culture of thinking / _cShari Tishman, David Perkins, Eileen Jay. |
| 260 |
_aBoston : _bAllyn and Bacon, _cc1995. |
||
| 300 |
_aix, 207 p. : _bill. ; _c23 cm. |
||
| 500 | _aIncludes bibliographical references and index | ||
| 520 | _a1. Thought and thinking-study and teaching 2. Classroom environment--I. Perkins, David N.--Jay, Eleen (Eileen S.)--III. Title. | ||
| 521 | _aFaculty | ||
| 541 | _j1 | ||
| 562 | _eFor circulation one copy in the collection | ||
| 650 | 0 |
_aThought and thinking _xStudy and teaching. |
|
| 650 | 0 | _aClassroom environment. | |
| 700 | 1 | _aPerkins, David N. | |
| 700 | 1 |
_aJay, Eileen _q(Eileen S.) |
|
| 906 |
_a7 _bcbc _corignew _d1 _eocip _f19 _gy-gencatlg |
||
| 942 |
_2lcc _cBK-TR _kTR |
||
| 999 |
_c641 _d641 |
||